Curso de direito previdenciário / (Record no. 849)

MARC details
000 -LÍDER
Campo Fixo de Controle 00785nam a2200265 a 4500
001 - NÚMERO DE CONTROLE
Campo de Controle 849
003 - IDENTIFICAÇÃO DO NÚMERO DE CONTROLE
Campo de Controle BR-CuiBMT
005 - DATA E HORA DA ÚLTIMA ATUALIZAÇÃO
Campo de Controle 20231129064414.0
008 - DADOS FIXOS
Dados Fixos 231121s2010 spba 000 0 por d
020 ## - INTERNATIONAL STANDARD BOOK NUMBER
Nº do ISBN 9788522457243
040 ## - AGÊNCIA CATALOGADORA
Código da Agência Catalogadora BR-CuiBMT
Agência que transcreveu o registro BR-CuiBMT
080 ## - Nº DA CLASSIFICAÇÃO DECIMAL UNIVERSAL
Nº edição CDU 2007
Nº Class. CDU 349.3
090 ## - NÚMERO DE CHAMADA
Nº classificação 349.3
Cutter V617c
Ano/Edição 3. ed.
100 1# - ENTRADA PRINCIPAL -- AUTOR PESSOAL
Nome pessoal Vianna, João Ernesto Aragonés
245 10 - TÍTULO PRINCIPAL
Título principal Curso de direito previdenciário /
Indicação de responsabilidade João Ernesto Aragonés Vianna.
250 ## - EDIÇÃO
Edição 3. ed.
260 ## - PUBLICAÇÃO, DISTRIBUIÇÃO, ETC.
Local de publicação São Paulo :
Editora Atlas,
Data 2010.
300 ## - DESCRIÇÃO FÍSICA
N. páginas ou volumes 687 p. :
Ilustrações il. ;
Dimensões 24 cm
504 ## - NOTA DE BIBLIOGRAFIA, ETC.
Nota de bibliografia Inclui bibliografia.
650 ## - ASSUNTO TÓPICO
Cabeçalho tópico ou nome geográfico Direito previdenciário
Subdivisão geral legislação
Subdivisão geográfica Brasil
650 ## - ASSUNTO TÓPICO
Cabeçalho tópico ou nome geográfico Benefício previdenciário
Subdivisão geográfica Brasil
650 ## - ASSUNTO TÓPICO
Cabeçalho tópico ou nome geográfico Previdência social
650 ## - ASSUNTO TÓPICO
Cabeçalho tópico ou nome geográfico Seguridade social
942 ## - ELEMENTOS DE ENTRADA ADICIONAIS (KOHA)
Fonte de classificação ou esquema de arquivamento Classificação Decimal Universal
Tipo de item do Koha Livros
Holdings
Estado: removido Estado: perdido Fonte de classificação ou esquema de arquivamento Estado: danificado Indisponível para empréstimo Localização permanente Localização atual Data de aquisição Total Checkouts Número de Chamada completo Código de barras Date last seen Número do exemplar Preço efetivo a partir de Tipo de item (Koha)
    Classificação Decimal Universal     Biblioteca da Escola Superior de Contas do TCE/MT Biblioteca da Escola Superior de Contas do TCE/MT 18/10/2018   349.3 V617c 3. ed. BIBTCEMT23110790 21/11/2023 Ex. 1 21/11/2023 Livros

Powered by Koha